000 00453nam a2200181 a 4500
001 10918
003 CO-ViMGA
008 141112s2004 ck r 000 u spa d
040 _aCO-ViMGA
_bspa
_cCO-ViMGA
082 0 4 _a123 V35a
100 1 _aVelez Saenz, Jose
_9770
245 1 0 _aLas Aventuras del Milagro
250 _a1
260 _aManizales,
_cImprenta Apolo,
_c1970
300 _a80 p.
650 1 4 _aLIBERTAD - FILOSOFIA
_955278
942 _2ddc
_cBK
999 _c22137
_d22137